000 00250nam a2200109Ia 4500
008 190216s9999||||xx |||||||||||||| ||und||
100 _aKaroor Neelakandapillai
245 0 _aMarappavagal
260 _bNbs Kottayam
650 _aKathakal
942 _cBK
999 _c26779
_d26779